Lana Del Rey Album By Picture - Statistics

General Stats
  • This quiz has been taken 142 times
  • The average score is 8 of 9
Answer Stats
Picture Answer % Correct
Born To Die
98%
Ultraviolence
98%
Norman Fucking Rockwell!
94%
Chemtrails Over The Country Club
92%
Lust For Life
91%
Blue Banisters
89%
Honeymoon
89%
Paradise
88%
Did you know that there's a tunnel under Ocean Blvd
84%
No matching quizzes found
Score Distribution
Percent of People with Each Score
Percentile by Number Answered
Your Score History
You have not taken this quiz